00468nam a22001577a 450000500170000001000150001702000260003203500130005803700130007108200080008410000170009224500440010926000390015327000790019230000390027120140409110305.0 aENG-109608 c200.00a9788189941635 aEN-93141 bDBAD/PUB a591 aArumugam, N. aDevelopmental zoology /cby N. Arumugam bSaras Publicationc2013aNagercoil bNagercoile629002a114/35G, A. R. P. Camp Road, Periavilai, Kottar P. O.,  axiv,504p. :c22cm(pbk) bill